000 01101cam a2200349 a 4500
001 2649
003 FISKH
005 20240401133749.0
008 001129s2001 nyua d 000 1 eng
010 _a 00054139
020 _a0439271991 (hc)
020 _a9780439272001
020 _a0439272009 (pb)
040 _aDLC
_cDLC
_dDLC
_beng
042 _alcac
050 0 0 _aPZ7.H4364
_bWk 2001
082 0 0 _a[Fic]
_221
100 1 _aHesse, Karen.
245 1 0 _aWitness /
_cKaren Hesse.
250 _aPrinted in 2005
260 _aNew York :
_bScholastic,
_c2001
300 _a161 pages :
_c20 cm
505 _aNP
520 _aA series of poems express the views of various people in a small Vermont town, including a young black girl and a young Jewish girl, during the early 1920s when the Ku Klux Klan is trying to infiltrate the town.
521 8 _bLexile
610 2 0 _aKu Klux Klan (1915- )
_vFiction.
650 1 _aPrejudices
_vFiction.
650 0 _aNovels in verse.
651 1 _aVermont
_vFiction.
906 _a7
_bcbc
_corignew
_d1
_eocip
_f20
_gy-gencatlg
942 _2ddc
_cBK
_n0
999 _c2649
_d2649